Govt. of
Madhya Pradesh

ऑल इन वन RRB NTPC गैर-तकनीकी लोकप्रिय श्रेणियां CBT-1 परीक्षा 2024-25 (Record no. 67234)

MARC details
000 -LEADER
fixed length control field 00423nam a22001097a 4500
082 ## - DEWEY DECIMAL CLASSIFICATION NUMBER
Classification number 001
100 ## - MAIN ENTRY--AUTHOR NAME
Personal name Physics Wallah
245 ## - TITLE STATEMENT
Title ऑल इन वन RRB NTPC गैर-तकनीकी लोकप्रिय श्रेणियां CBT-1 परीक्षा 2024-25
260 ## - PUBLICATION, DISTRIBUTION, ETC. (IMPRINT)
Place of publication दिल्‍ली
Name of publisher Physics Wallah
Year of publication 2025
650 ## - SUBJECT ADDED ENTRY--TOPICAL TERM
Topical Term सामान्‍य ज्ञान
942 ## - ADDED ENTRY ELEMENTS (KOHA)
Koha item type Competitive Books
Holdings
Withdrawn status Lost status Damaged status Not for loan Home library Current library Date acquired Cost, normal purchase price Full call number Accession Number Price effective from Koha item type
        MACL MACL 19/10/2024 429.00 001 DPI002599 19/10/2024 Competitive Books
        MACL MACL 19/10/2024 429.00 001 DPI002529 19/10/2024 Competitive Books
        MACL MACL 19/10/2024 429.00 001 DPI002528 19/10/2024 Competitive Books
        MACL MACL 19/10/2024 429.00 001 DPI002527 19/10/2024 Competitive Books